LEADER 01094nas a2200241 i 4500 001 000000214376 003 CaOOAMICUS 005 20130530000000.0 008 120711b2012 it uu u0 0ita r 013 $a193247 040 $aSeMil$bita 245 10$a[2012 :$bn. 84-86]. 260 $aPisa ;$aRoma :$bFabrizio Serra,$c2012 (copyr. 2012-2013) 300 $a123, 105, 110 p. ;$c24 cm. 773 0 $tPer la filosofia.$dMilano : Massimo, 1984.$x0394-4131$w()2601 774 0 $tSaggi ; Note e discussioni. - 123 p. - Titoli principali dal sommario.$w()277523 774 0 $tSaggi ; Note e discussioni. - 105 p. - Titoli principali dal sommario.$w()278186 774 0 $tSaggi ; Note e discussioni ; Esperienze didattiche. - 110 p. - Titoli principali dal sommario.$w()279153 850 $aSeMil 852 $aSeMil$W1$xVenegono$y1$m91 2 29$j164800$B164800$CSeMilBibl$Z2$F181609 $85 961 $aAbbonamento: Accademia Editoriale 996 $6245$a[2012 :$bn. 84-86]$9(OLS)http://semarc/title/308856 996 $6260$aPisa ;$aRoma :$bFabrizio Serra$9(OLS)http://semarc/publisher/34314 LEADER 00700nam a2200181 i 4500 001 000000036056 003 CaOOAMICUS 005 20150813000000.0 008 150813s1823 it u000 u ita u 013 $a5162 026 $alise tele uan- (3(2 (3) 1823 (R) 040 $aSeMil$bita 245 10$aVol. 1. 300 $aXXIII, [1], 296, [2], 11, [3] p., 1 carta di tav. :$britr. 773 0 $tVangelo delle domeniche spiegato dal preposto parroco Anton-Luigi De Carli. Vol. 1.[-4.].$dMilano : Dalla Tipografia di Omobono Manini, 1823.$g1$w()32424 850 $aSeMil 852 $aSeMil$W1$xVenegono$y1$m3F V 117 FA$j2211$B2211$CSeMilBibl$Z2$F2211 $8I 996 $6245$aVol. 1$9(OLS)http://semarc/title/13429